000
00315nam a22001337a 4500
003
MPLRDC
005
20220104184703.0
008
210129b ||||| |||| 00| 0 eng d
082
_a
DISC
100
_a
蒋勋
245
_a
孤独六讲: 天生爱玩美--1 DISC
_c
650
_a
现代别集
942
_c
CDA
_o
DISC
999
_c
62978
_d
62968